| 000 | 01009nas a2200325 4500 | ||
|---|---|---|---|
| 001 | BR2010002420 | ||
| 003 | BR-BrBNA | ||
| 005 | 20231205115349.0 | ||
| 007 | ta | ||
| 008 | 230509b bl.|||p| |||| 00| 00por d | ||
| 040 |
_aBR-BrBNA _bpor _cBiblioteca Nacional de Agricultura |
||
| 041 | _a(Pt) | ||
| 072 | _aF01; F40; Q04 | ||
| 100 | 1 | _aDetoni, A.M. | |
| 100 | 1 | _aHerzog, N.F.M. | |
| 100 | 1 | _aOhland, T. | |
| 100 | 1 | _aKotz, T. | |
| 100 | 1 | _aClemente, E. | |
| 245 | 1 | _aInfluência do sol nas características físicas e químicas da tangerina "ponkan" cultivada no oeste do Paraná | |
| 650 | _aPARANÁ | ||
| 650 | _aFRUTICULTURA | ||
| 650 | _aFRUTA CÍTRICA | ||
| 650 | _aCITRUS RETICULATA | ||
| 650 | _aRADIAÇÃO LUMINOSA | ||
| 650 | _aPROPRIEDADE FÍSICO-QUÍMICA | ||
| 650 | _aVALOR NUTRITIVO | ||
| 773 | 0 |
_tCiência e Agrotecnologia (Brazil) _xISSN 1413-7054 _g(Mar-Apr 2009), v. 33(2) p. 624-628 _wBR2010002420 |
|
| 909 |
_a202311 _bLúcia _c55 _dLúcia Elande |
||
| 942 |
_2AGRIS _n0 _cANA |
||
| 999 |
_c213410 _d213410 |
||